Erodovanosť pôd v okrese Lučenec

Bibliographic Details
Main Author: Karniš, Ján, 1926-1985 (Author)
Format: Article
Language:Slovak
PhysicalDescription:Tb. 9. Obr. 4. Mapa 1. Res. rus., nem.
Subjects:

MARC

LEADER 00000nab a2200000 a 4500
001 vtls000113865
003 SK-MaSNL
005 20260305044450.0
008 250422c1982 xo 0 slo
015 |a SNBRB19rr/mm-uuuuu 
035 |a CL0123968 
035 |a urn:nbn:sk:snk-ab1ysw 
035 |a (urnnbn)urn:nbn:sk:snk:ar-a0196n 
035 |a (uuid)7b4c4cdb-5205-41c2-9c2d-b21ab2db8a97 
040 |a SNKBUCL  |b slo  |c SNKBUCL  |e AACR2 
041 0 |a slo 
044 |a xo  |c SK 
080 |a 631.4  |2 1981 
100 1 |a Karniš, Ján,  |d 1926-1985  |4 aut  |9 191008 
245 1 0 |a Erodovanosť pôd v okrese Lučenec  |c Ján Karniš 
300 |b Tb. 9. Obr. 4. Mapa 1. Res. rus., nem. 
650 0 7 |a pôda  |2 snkbucl  |9 1159 
650 0 7 |a pôdna erózia  |2 snkbucl  |9 55316 
655 7 |a články z novín a časopisov  |2 snkbucl  |9 267496 
773 0 |t Geografický časopis  |g Roč. 34, č. 1 (1982), s. 50-69 
850 |a Slovenská národná knižnica 
852 |a Slovenská národná knižnica 
954 |a odborná, vedecká literatúra pôvodná (slovenská)  |2 lita 
957 |a 5305 
958 |a article27 
958 |a RK 
958 |a OND 
958 |a EUIPO 
992 |a RBX 
999 |c 3358793  |d 3360723